Evolution

সংরক্ষণ করুন:
গ্রন্থ-পঞ্জীর বিবরন
প্রধান লেখক: Brosseau, George E
বিন্যাস: গ্রন্থ
ভাষা:ইংরেজি
প্রকাশিত: Dubuque Brown Company Publishers 1967
মালা:Biology Readings Series
বিষয়গুলি:
ট্যাগগুলো: ট্যাগ যুক্ত করুন
কোনো ট্যাগ নেই, প্রথমজন হিসাবে ট্যাগ করুন!

MARC

LEADER 00000nam a2200000 a 4500
001 UCS4624
003 CL-VaPUC
005 20230112074255.0
008 970808e19670000US |||||||||||||||||eng|d
999 |c 261585  |d 261583 
040 |c Pontificia Universidad Católica de Valparaíso 
082 0 4 |a 575 BRO 1967  |2 21 
100 0 |a Brosseau, George E  |9 390535 
245 1 0 |a Evolution 
260 |a Dubuque  |b Brown Company Publishers  |c 1967 
300 |a 283 páginas 
490 0 |a Biology Readings Series 
583 |a last modification  |c 19970808 00:00:00  |k Rodrigo Vera 
650 0 |a Evolución  |9 259442 
650 0 |a Biología  |9 262022 
650 0 |a Genética  |9 259443 
650 0 |a Adaptación biológica   |9 337262 
942 |c BK  |2 ddc 
945 |d 19970808 00:00:00  |a jquezada 
952 |0 0  |1 0  |2 ddc  |4 0  |6 575_000000000000000_BRO_1967  |7 0  |8 A  |9 289179  |a BIBCUR  |b BIBCUR  |d 2019-11-19  |i 3323439  |o 575 BRO 1967  |p 3323439  |r 2025-04-22  |t 1  |w 2019-11-19  |y BK  |k BIO